Les colònies de gats en l'àmbit urbà
Descripción Física:
1 díptic ; il. col. ; 21 cm.
Idioma:
Catalán
MARC
| LEADER | 00000nam a22000007a 4500 | ||
|---|---|---|---|
| 001 | 27829 | ||
| 003 | Arxiu | ||
| 005 | 20260324181515.0 | ||
| 008 | 230509b spa||||| |||| 00| 0 cat d | ||
| 017 | |a B 2697-2018 | ||
| 040 | |a agdb |b cat | ||
| 245 | |a Les colònies de gats en l'àmbit urbà | ||
| 260 | |a Barcelona : |b Diputació de Barcelona ; |c 2018 | ||
| 300 | |a 1 díptic ; |b il. col. ; |c 21 cm. | ||
| 650 | 0 | |a Gats |x Control biològic |z Sant Llorenç Savall (Catalunya) | |
| 710 | |9 52421 |a Barcelona (Catalunya : Província). |b Àrea d'Atenció a les Persones | ||
| 710 | 1 | |9 53924 |a Sant Llorenç Savall (Catalunya). |b Ajuntament | |
| 942 | |2 udc |c ARXIU |n 1 | ||
| 952 | |0 0 |1 0 |2 udc |4 0 |6 FU7570 |7 1 |9 66292 |a Arxiu |b Arxiu |d 2023-05-09 |l 0 |o FU-75-70 |p 27829 |r 2023-05-09 00:00:00 |w 2023-05-09 |y ARXIU | ||
| 999 | |c 83426 |d 83426 | ||